Detroit Lions Pro Bowl Selections - Statistics

General Stats
  • This quiz has been taken 29 times
  • The average score is 17 of 84
Answer Stats
Hint Answer % Correct
4 Matthew Stafford
100%
3 Jared Goff
97%
10 Barry Sanders
79%
6 Calvin Johnson
79%
7 Charlie Sanders
79%
2 Jahmyr Gibbs
76%
3 Amon-Ra St.Brown
69%
1 Aidan Hutchinson
66%
4 Harley Sewell
66%
3 Penei Sewell
66%
5 Bobby Layne
55%
3 Frank Ragnow
48%
6 Lomas Brown
48%
5 Roger Brown
48%
6 Roger Brown
48%
3 Roy Williams
48%
2 Jack Fox
45%
4 Ndamukong Suh
41%
1 Sam LaPorta
34%
3 Billy Sims
28%
2 T.J. Hockenson
28%
4 Alex Karras
21%
1 Kenny Golladay
21%
3 Night Train Lane
21%
4 Chris Spielman
17%
4 Darius Slay
17%
1 Golden Tate
17%
2 Jason Hanson
17%
7 Lem Barney
17%
2 Mel Farr
17%
5 Doak Walker
14%
2 Eddie Murray
14%
10 Joe Schmidt
14%
1 Jonah Jackson
14%
1 Matt Prater
14%
1 Steve Owens
14%
3 Wayne Walker
14%
2 Don Muhlbach
10%
4 Doug English
10%
2 Ezekiel Ansah
10%
1 Greg Landry
10%
3 Robert Porcher
10%
3 Al Baker
7%
1 Bennie Blades
7%
2 David Hill
7%
3 Dick Lebeau
7%
4 Ed Flanagan
7%
3 Gail Cogdill
7%
1 Glover Quin
7%
3 Jerry Ball
7%
2 Jim Arnold
7%
6 Jim David
7%
2 Jim Martin
7%
9 Yale Lary
7%
2 Cloyce Box
3%
5 Dick Stanfel
3%
4 Don Doll
3%
2 Dre´ Bly
3%
1 Eddie Drummond
3%
5 Jack Christiansen
3%
1 Jalen Reeves Maybin
3%
3 Jim Gibbons
3%
2 Keith Dorney
3%
3 Kevin Glover
3%
1 Leon Hart
3%
8 Lou Creekmur
3%
2 Luther Ellis
3%
4 Mel Gray
3%
1 Mike Cofer
3%
1 Mike Lucci
3%
2 Nick Pietrosante
3%
2 Pat Swilling
3%
2 Shaun Rodgers
3%
2 Stephen Boyd
3%
2 Terry Barr
3%
1 T.J. Lang
3%
2 Augie Lio
0%
1 Bob Hoernschmeyer
0%
7 Charlie Ane
0%
1 Cotton Price
0%
1 Darris McCord
0%
2 Les Bingaman
0%
1 Lloyd Cardwell
0%
1 Thurman McGraw
0%
No matching quizzes found
Score Distribution
Percent of People with Each Score
Percentile by Number Answered
Your Score History
You have not taken this quiz